005140000a22001450004500090001700000245008300017246008300100041001400183700002700197700003300224100003000257942001300287773005100300999001700351 aASbSeriadas10aNueva especie de Carrollia Gray, 1838 (Chiroptera: Phyllostomidae) de Colombia3 aNew species of Carrollia Gray, 1838 (Chiroptera: Phyllostomidae) from Colombia0 aEspañol1 aMuñoz, Javier9166761 aGonzález , Miríam9997051 aCuartas, Carlos A.999703 cARTICULO1 tActualidades Biológicash75q63-73d2001g23 c15442d15442